Văn học Việt Nam hiện đại Bình giảng và phân tích tác phẩm
Bình giảng, phân tích những tác phẩm và tác giả tiêu biểu cho nền văn học Việt Nam từ 1930-1975 như: Xuân Diệu, Huy Cận, Hàn Mặc Tử, Nguyễn Tuân, Nam Cao..
Bewaard in:
| Hoofdauteur: | |
|---|---|
| Formaat: | Boek |
| Taal: | Vietnamese |
| Gepubliceerd in: |
H.
Nxb Hà Nội
1998
|
| Onderwerpen: | |
| Tags: |
Voeg label toe
Geen labels, Wees de eerste die dit record labelt!
|
| Thư viện lưu trữ: | Mạng thư viện Đại học Đà Nẵng |
|---|
| LEADER | 01310nam a2200349 4500 | ||
|---|---|---|---|
| 001 | 000004076 | ||
| 003 | 205 | ||
| 005 | 20121211001246.0 | ||
| 008 | 110714s1998 viesd | ||
| 020 | |c 22000đ | ||
| 041 | 0 | |a vie | |
| 082 | |a 895.9228 |b HA-Đ | ||
| 100 | 0 | |a Hà Minh Đức | |
| 245 | 0 | |a Văn học Việt Nam hiện đại |b Bình giảng và phân tích tác phẩm |c Hà Minh Đức | |
| 260 | |a H. |b Nxb Hà Nội |c 1998 | ||
| 300 | |a 299tr |c 21cm | ||
| 520 | |a Bình giảng, phân tích những tác phẩm và tác giả tiêu biểu cho nền văn học Việt Nam từ 1930-1975 như: Xuân Diệu, Huy Cận, Hàn Mặc Tử, Nguyễn Tuân, Nam Cao.. | ||
| 653 | |a Nghiên cứu văn học | ||
| 653 | |a văn học hiện đại | ||
| 653 | |a bình giảng | ||
| 653 | |a phân tích văn học | ||
| 910 | |d 14/07/2011 | ||
| OWN | |a LSP | ||
| AVA | |a UDN50 |b LSP |d 895.9228 HA-Đ |e available |t Error 5001 Not defined in file expand_doc_bib_avail. |f 6 |g 0 |h N |i 0 |k 1 | ||
| 999 | |a From the UDN01 | ||
| AVA | |a UDN50 |b LSP |d 895.9228 HA-Đ |e available |t Error 5001 Not defined in file expand_doc_bib_avail. |f 6 |g 0 |h N |i 0 |k 1 | ||
| TYP | |a Monograph | ||
| TYP | |a Printed language | ||
| 980 | |a Mạng thư viện Đại học Đà Nẵng | ||